00745nam a2200229Ia 4500003000900000008004100009020001800050040001600068080001500084100002400099245007500123260003300198300001300231650004100244650003200285650001000317700002900327700002100356942000700377999001500384952011600399IN-BaIIA211028s9999 xx 000 0 eng d a0-08-012114-4 cIIA Library a538.3bDAV aDavid, Pierre96406 0aPropagation of wavescP. David and J. Voge; translated by J. B. Arthur aOxfordbPergamon Pressc1969 ax, 329p. aAstronomy and astrophysics thesaurus aElectromagnetic waves92401 aWaves aArthur, J. B., tr.96407 aVoge, Jean96408 cBK c3613d3613 00104070aBANbBANcGENd1970-11-07g68.85l0o538.3/ DAVp4035r2021-11-05v68.85w1970-11-07yBKGRs. 68.85